Año virgíneo (Record no. 8601)

MARC details
000 -CABECERA
campo de control de longitud fija 02282nam a2200277 a 4500
001 - NÚMERO DE CONTROL
campo de control BRCA_8950
005 - FECHA Y HORA DE LA ÚLTIMA TRANSACCIÓN
campo de control 20190320210453.0
008 - DATOS DE LONGITUD FIJA--INFORMACIÓN GENERAL
campo de control de longitud fija 040717s1716----sp-#######---#000-0#spa-#
041 ## - CÓDIGO DE LENGUA
Código de lengua del texto/banda sonora o título independiente spa
044 ## - CÓDIGO DEL PAÍS DE LA ENTIDAD EDITORA/PRODUCTORA
Código MARC del país sp
084 ## - OTRO NÚMERO DE CLASIFICACIÓN
Número de clasificación LE7
Número de documento/Ítem .D65 1716
100 1# - ENTRADA PRINCIPAL--NOMBRE DE PERSONA
Nombre de persona Dolz del Castellar, Estevan
9 (RLIN) 22242
245 10 - MENCIÓN DE TÍTULO
Título Año virgíneo
Resto del título cuyos días son, finezas de la Gran Rina del Cielo María Santissima, Virgen, Madre del Altissimo, succedidas en aquellos mismos días, que se refieren: añadense a estas trecientos y sesenta y seis Exemplos, con otras tantas Exhortaciones Oraciones, Exercicios, y Elogios, Sacados de los Santos Padres, para quien le preciare de Devoto de esta Amabilissima Señora, no passe día del año sin atributarle algún particular obsequio
Mención de responsabilidad, etc. su autor el Doctor Don Estevan Dolz Del Castellar; Corregido, y enmendado en esta quarta Impression, según el Expurgatorio del año de 1707; Dedicada al Illmo. y Rmo. Señor Don Francisco de Valero y Lossa; quarta parte.
260 ## - PUBLICACIÓN, DISTRIBUCIÓN, ETC.
Lugar de publicación, distribución, etc. Madrid
Nombre del editor, distribuidor, etc. por Antonio Gonzalez de Reyes
Fecha de publicación, distribución, etc. 1716
300 ## - DESCRIPCIÓN FÍSICA
Extensión 447 p. (t.4)
Dimensiones 19.8 x 15.5 cm
500 ## - NOTA GENERAL
Nota general Con privilegio
500 ## - NOTA GENERAL
Nota general Estado físico: presenta encuadernación en pergamino, con cantos pintados y deteriorados, con lomo semi desprendido y carece de rotas
500 ## - NOTA GENERAL
Nota general Con marca de fuego: “Procedencia de la marca: Colegio Jesuita de San Francisco Xavier de la Ciudad de Querétaro (1). Institución: Provincia Mexicana de la Compañía de Jesús. Descripción: Iniciales S. Xr. Q. que se desata como S[an] X[avie]r [de] Q[uerétaro.]. Observaciones: A falta de un testimonio de pertenencia se hace la atribución de la marca en función a la realizada por David Saavedra Vega. Se espera localizar otro ejemplar que corrobore esta atribución. Ubicación de la marca en el libro: Canto superior”
600 14 - PUNTO DE ACCESO ADICIONAL DE MATERIA--NOMBRE DE PERSONA
Nombre de persona María, Virgen
Subdivisión general Sermones
Subdivisión cronológica Obras anteriores a 1800
9 (RLIN) 22243
650 14 - PUNTO DE ACCESO ADICIONAL DE MATERIA--TÉRMINO DE MATERIA
Término de materia o nombre geográfico como elemento de entrada Calendario litúrgico
Subdivisión cronológica Obras anteriores a 1800
9 (RLIN) 21834
700 1# - PUNTO DE ACCESO ADICIONAL--NOMBRE DE PERSONA
Nombre de persona Gonzalez de Reyes, Antonio
Término indicativo de función/relación Impresor
9 (RLIN) 22244
700 1# - PUNTO DE ACCESO ADICIONAL--NOMBRE DE PERSONA
Nombre de persona Valero y Lossa, Francisco de
9 (RLIN) 22245
856 ## - LOCALIZACIÓN Y ACCESO ELECTRÓNICOS
Nombre del host http://www.marcasdefuego.buap.mx:8180/xmLibris/projects/firebrand/item.jsp?repository=marcas_de_fuego&key=marcas_de_fuego_marcas_de_fuego_20151006120916_4064.xml&num=5
902 ## - CATALOGADOR
Iniciales CFM
942 ## - ELEMENTOS DE PUNTO DE ACCESO ADICIONAL (KOHA)
Fuente del sistema de clasificación o colocación Library of Congress Classification
Tipo de ítem Koha Libros
Holdings
Estado de retiro Estado de pérdida Estado dañado No para préstamo Localización permanente Ubicación/localización actual Fecha de adquisición Total de préstamos Signatura topográfica completa Código de barras Fecha visto por última vez Precio válido a partir de Tipo de ítem Koha
El ejemplar forma parte de la colección y puede ser consultado según las políticas vigentes.       Biblioteca del Museo Franz Mayer (Rogerio Casas-Alatriste) Biblioteca del Museo Franz Mayer (Rogerio Casas-Alatriste) 04/07/2017   LE7 .D65 1716 CFM00273 22/03/2019 22/03/2019 Libros